000 00596nam a22002177a 4500
003 Nust- CAS-E
005 20180118181407.0
008 151111b xxu||||| |||| 00| 0 eng d
020 _a9780745650654
040 _aself
_c0
050 _a333.79
_bBAR-G 2014
082 _222
_a333.79
_bBAR-G 2014
100 _aBradshaw, Michael
_qMichael J. Bradshaw
111 _4Bradshaw, Michael
245 _aGlobal energy dilemmas
260 _aCambridge
_bPolity
_c2014
502 _a0
505 _rBradshaw
648 _vPower resources,
_xPower resources--Economic aspects
942 _2ddc
_cBK
999 _c355615
_d355615